Catálogo

El derecho a la verdad : (Registro nro. 7786)

Detalles MARC
000 -LEADER
fixed length control field 01119cam a2200265 i 4500
001 - CONTROL NUMBER
control field 7786
003 - CONTROL NUMBER IDENTIFIER
control field Mx-PuUPA
005 - DATE AND TIME OF LATEST TRANSACTION
control field 20250630152636.0
008 - FIXED-LENGTH DATA ELEMENTS--GENERAL INFORMATION
fixed length control field 140415s1968 sp gr 000 0 spa d
040 ## - CATALOGING SOURCE
Original cataloging agency Mx-PuUPA
Language of cataloging spa
Transcribing agency Mx-PuUPA
Modifying agency Mx-PuUPA
Description conventions rda
041 0# - LANGUAGE CODE
Language code of text/sound track or separate title spa
245 03 - TITLE STATEMENT
Title El derecho a la verdad :
Remainder of title doctrina de la iglesia sobre prensa, radio y televisión (1831-1968) /
Statement of responsibility, etc. edición preparada, con introducción a la moral, teología e historia del magisterio pontificio sobre comunicaciones sociales, por Jesús Iribarren
264 #1 - PRODUCTION, PUBLICATION, DISTRIBUTION, MANUFACTURE, AND COPYRIGHT NOTICE
Place of production, publication, distribution, manufacture Madrid :
Name of producer, publisher, distributor, manufacturer Biblioteca de Autores Cristianos : Editorial Católica,
Date of production, publication, distribution, manufacture, or copyright notice 1968
300 ## - PHYSICAL DESCRIPTION
Extent 504 páginas ;
Dimensions 18 cm
336 ## - CONTENT TYPE
Fuente rdacontent
Content type term texto
Content type code txt
337 ## - MEDIA TYPE
Source rdamedia
Media type term sin medio
Media type code n
338 ## - CARRIER TYPE
Source rdacarrier
Carrier type term volumen
Carrier type code nc
490 0# - SERIES STATEMENT
Series statement Ediciones de bolsillo de la BAC ;
Volume/sequential designation 3
650 #7 - SUBJECT ADDED ENTRY--TOPICAL TERM
Topical term or geographic name entry element Publicidad
General subdivision Relición y moral
Source of heading or term armarc
700 1# - ADDED ENTRY--PERSONAL NAME
Personal name Iribarren, Jesús,
Relator term autor de introducción
-- editor
942 ## - ADDED ENTRY ELEMENTS (KOHA)
Source of classification or shelving scheme Dewey Decimal Classification
Koha item type Libro
Classification part 282.09
Item part D42
Existencias
Withdrawn status Lost status Source of classification or shelving scheme Damaged status Not for loan Collection code Home library Current library Shelving location Date acquired Source of acquisition Total Checkouts Full call number Barcode Date last seen Date last checked out Copy number Price effective from Koha item type
    Dewey Decimal Classification     General Biblioteca Karol Wojtyla Biblioteca Karol Wojtyla Sala general 03/12/2013 Compra   282.09 D42 1968 20956 05/01/2026 16/02/2018 Ej.2 03/12/2013 Libro
    Dewey Decimal Classification     General Biblioteca Karol Wojtyla Biblioteca Karol Wojtyla Sala general 03/12/2013 Compra   282.09 D42 1968 9305 05/01/2026     03/12/2013 Libro
    Dewey Decimal Classification     General Biblioteca Karol Wojtyla Biblioteca Karol Wojtyla Sala general 03/12/2013 Compra   282.09 D42 1968 36347 05/01/2026   Ej.3 03/12/2013 Libro